000 00215 a2200097 4500
020 _a9789362549785
100 _aIndu Menon
245 _aAanavetta(ആന വേട്ട)
260 _bD C books
_c2025
942 _cOO
999 _c115316
_d115315